| 000 | 01013cam a22002775a 4500 | ||
|---|---|---|---|
| 001 | 15666734 | ||
| 005 | 20090821143811.0 | ||
| 008 | 090319s2009 nyu 000 0 eng | ||
| 010 | _a 2009925012 | ||
| 020 | _a9781435496682 | ||
| 020 | _a143549668X | ||
| 040 |
_aDLC _cDLC |
||
| 082 |
_221 _a658.472 _bCIA |
||
| 100 | 1 |
_aCiampa, Mark. _911440 |
|
| 245 | 1 | 0 |
_aSecurity awareness : _bapplying practical security in your world / _cMark Ciampa ; [edited by] Dave Garza, Stephen Helba, Marah Bellegarde. |
| 250 |
_a3rd ed. _bInternational student ed. |
||
| 260 |
_aBoston: _bCourse Technology, _cc.2010. |
||
| 263 | _a0906 | ||
| 300 |
_a240p: _bill; _c22 cm. |
||
| 500 | _aIncludes Index. | ||
| 650 |
_aComputer security. _911441 |
||
| 650 |
_aInformation technology. _911442 |
||
| 942 |
_2ddc _cBB |
||
| 999 |
_c13407 _d13407 |
||